[Event "3rd Washington Int 2014"]
[Site "Rockville USA"]
[Date "2014.08.10"]
[Round "3"]
[White "Prathiba, Y."]
[Black "Oussedik, E."]
[Result "0-1"]
[WhiteElo "2197"]
[BlackElo "2100"]
[PlyCount "66"]
[EventDate "2014.08.09"]
[EventType "swiss"]
[EventRounds "9"]
[EventCountry "USA"]
[Source "Mark Crowther"]
[SourceDate "2014.08.18"]

1. e4 e6 2. d4 d5 3. Nd2 Nf6 4. e5 Nfd7 5. f4 c5 6. c3 Nc6 7. Ndf3 Qb6 8. g3
cxd4 9. cxd4 Be7 10. Bh3 f6 11. Kf1 O-O 12. Kg2 fxe5 13. fxe5 Ndxe5 14. dxe5
Nxe5 15. Qe2 Nc4 16. b3 Bf6 17. Rb1 Bd7 18. Bg4 Rae8 19. h4 Bc6 20. Nh3 e5 21.
Kh2 e4 22. Nfg5 Ne5 23. Be6+ Rxe6 24. Nxe6 Bb5 25. Qd1 Qxe6 26. Nf4 Qb6 27. Be3
Qxe3 28. Qxd5+ Kh8 29. Qxb5 Bxh4 30. Rbg1 Nf3+ 31. Kg2 Rd8 32. Ne6 Nxg1 33. Rh2
Qf3+ 0-1

[Event "3rd Washington Int 2014"]
[Site "Rockville USA"]
[Date "2014.08.10"]
[Round "4"]
[White "Mulyar, M."]
[Black "Friedel, J."]
[Result "1/2-1/2"]
[WhiteElo "2411"]
[BlackElo "2507"]
[PlyCount "99"]
[EventDate "2014.08.09"]
[EventType "swiss"]
[EventRounds "9"]
[EventCountry "USA"]
[Source "Mark Crowther"]
[SourceDate "2014.08.18"]

1. d4 Nf6 2. Nf3 d5 3. c4 e6 4. g3 Bb4+ 5. Bd2 Be7 6. Bg2 O-O 7. O-O c6 8. Qb3
Nbd7 9. Rc1 a5 10. Bg5 h6 11. Bxf6 Bxf6 12. Nbd2 a4 13. Qc2 c5 14. cxd5 exd5
15. e3 Ra5 16. Nb1 cxd4 17. Nxd4 Bxd4 18. exd4 Nb6 19. Na3 Bd7 20. Qd2 Ra8 21.
Rc5 Bc6 22. Re1 Re8 23. Rxe8+ Qxe8 24. Qb4 Nd7 25. Rc1 Qf8 26. Nc2 Re8 27. Bf3
Re6 28. Qxf8+ Kxf8 29. Nb4 Nb6 30. Kg2 Ke7 31. h4 Kd6 32. b3 axb3 33. axb3 Re8
34. Ra1 Ra8 35. Rxa8 Nxa8 36. Kf1 Nc7 37. Ke2 Bd7 38. Ke3 g5 39. hxg5 hxg5 40.
Be2 f6 41. Bd3 Ne8 42. Bg6 Ng7 43. Bd3 Bf5 44. Be2 Bb1 45. Bg4 Bg6 46. Bc8 b6
47. g4 Bf7 48. f4 Be6 49. Bxe6 Nxe6 50. f5 1/2-1/2

[Event "3rd Washington Int 2014"]
[Site "Rockville USA"]
[Date "2014.08.10"]
[Round "4"]
[White "Viswanadha, Kesav"]
[Black "Bregadze, L."]
[Result "1/2-1/2"]
[WhiteElo "2253"]
[BlackElo "2435"]
[PlyCount "63"]
[EventDate "2014.08.09"]
[EventType "swiss"]
[EventRounds "9"]
[EventCountry "USA"]
[Source "Mark Crowther"]
[SourceDate "2014.08.18"]

1. d4 Nf6 2. c4 d6 3. Nf3 g6 4. g3 Bg7 5. Bg2 O-O 6. Nc3 Nbd7 7. O-O e5 8. e4
exd4 9. Nxd4 Re8 10. Re1 Nc5 11. h3 a6 12. Nb3 Nxb3 13. axb3 Rb8 14. Be3 Nd7
15. Qc2 b6 16. b4 Ne5 17. Nd5 c6 18. Nf4 c5 19. Nd5 Nc6 20. Qd2 Nd4 21. Rad1
Be6 22. Bg5 f6 23. Be3 Bxd5 24. exd5 f5 25. Bxd4 Bxd4 26. Rxe8+ Qxe8 27. Re1
Qa4 28. Re7 Qa1+ 29. Kh2 Qxb2 30. Qe1 Qxf2 31. Qe6+ Kh8 32. Re8+ 1/2-1/2

[Event "3rd Washington Int 2014"]
[Site "Rockville USA"]
[Date "2014.08.10"]
[Round "4"]
[White "Melekhina, A."]
[Black "Kaufman, La"]
[Result "1-0"]
[WhiteElo "2150"]
[BlackElo "2320"]
[PlyCount "94"]
[EventDate "2014.08.09"]
[EventType "swiss"]
[EventRounds "9"]
[EventCountry "USA"]
[Source "Mark Crowther"]
[SourceDate "2014.08.18"]

1. e4 e5 2. Nf3 Nc6 3. Nc3 Nf6 4. g3 Bc5 5. Bg2 d6 6. d3 a6 7. O-O h6 8. a3 O-O
9. b4 Ba7 10. Be3 Be6 11. Bxa7 Rxa7 12. h3 a5 13. b5 Ne7 14. d4 Ng6 15. Qd3 Ra8
16. Nd2 Nd7 17. Ne2 exd4 18. Nxd4 Nc5 19. Qc3 Bd7 20. f4 f6 21. N2b3 b6 22. a4
Kh8 23. Rfd1 Re8 24. Nxc5 bxc5 25. Nb3 Qc8 26. Kh2 c6 27. b6 Qb8 28. Nxa5 d5
29. Qxc5 Nxf4 30. gxf4 Qxf4+ 31. Kg1 Rxe4 32. Bxe4 Qxe4 33. Re1 Qg6+ 34. Kh2
Qf5 35. Qe3 Re8 36. Qg3 Rg8 37. Re2 d4 38. Nb3 Bc8 39. a5 Ba6 40. Rf2 Qd5 41.
Qf3 Qc4 42. Qd3 Qe6 43. Qxa6 Qe5+ 44. Kg2 Qg5+ 45. Kf1 Re8 46. Re1 Re5 47. Qc8+
Kh7 1-0

[Event "3rd Washington Int 2014"]
[Site "Rockville USA"]
[Date "2014.08.10"]
[Round "4"]
[White "Homa, S."]
[Black "Ramachandran, Karthik N"]
[Result "1-0"]
[WhiteElo "2378"]
[BlackElo "2142"]
[PlyCount "103"]
[EventDate "2014.08.09"]
[EventType "swiss"]
[EventRounds "9"]
[EventCountry "USA"]
[Source "Mark Crowther"]
[SourceDate "2014.08.18"]

1. d4 Nf6 2. Nf3 e6 3. Bg5 d5 4. Nbd2 Be7 5. e3 O-O 6. Bd3 b6 7. O-O Bb7 8. Ne5
Ne4 9. Bxe7 Qxe7 10. f3 Nxd2 11. Qxd2 f6 12. Ng4 Nd7 13. Rae1 f5 14. Nf2 Qd6
15. c3 e5 16. c4 Rad8 17. Qc2 g6 18. Rd1 c5 19. cxd5 exd4 20. exd4 Bxd5 21. Bb5
Rc8 22. Qa4 Rfd8 23. dxc5 Nxc5 24. Qh4 Ne6 25. Rfe1 Qf4 26. Qf6 Rf8 27. Qe7 Rf7
28. Qa3 Nc7 29. Bf1 a5 30. Qc3 Rd8 31. Nd3 Qd6 32. Ne5 Rff8 33. Rc1 Ne6 34.
Red1 Qc5+ 35. Qxc5 bxc5 36. b3 a4 37. bxa4 Bxa2 38. Nd7 Rf7 39. Nb6 Nd4 40. Kf2
Rb8 41. a5 Ra7 42. Rxc5 Nb3 43. Bc4+ Kg7 44. Bxb3 Bxb3 45. Rd3 Bf7 46. h4 Rxa5
47. Rxa5 Rxb6 48. Kg3 h6 49. Rda3 Kf6 50. Ra6 Rxa6 51. Rxa6+ Be6 52. f4 1-0

[Event "3rd Washington Int 2014"]
[Site "Rockville USA"]
[Date "2014.08.10"]
[Round "4"]
[White "Barron, M."]
[Black "Gu, Christopher"]
[Result "1-0"]
[WhiteElo "2177"]
[BlackElo "2362"]
[PlyCount "153"]
[EventDate "2014.08.09"]
[EventType "swiss"]
[EventRounds "9"]
[EventCountry "USA"]
[Source "Mark Crowther"]
[SourceDate "2014.08.18"]

1. e4 e5 2. Nf3 Nc6 3. Bb5 a6 4. Ba4 Nf6 5. O-O Be7 6. Re1 b5 7. Bb3 d6 8. c3
O-O 9. d4 Bg4 10. d5 Na5 11. Bc2 c6 12. h3 Bc8 13. dxc6 Qc7 14. a4 Qxc6 15.
axb5 axb5 16. Bg5 Be6 17. Nbd2 Nc4 18. Rxa8 Rxa8 19. Nxc4 bxc4 20. Qe2 h6 21.
Bc1 Nd7 22. Kh2 Rb8 23. g3 Nc5 24. Nd2 Bg5 25. h4 Bxd2 26. Qxd2 f6 27. Rd1 Rd8
28. f3 d5 29. Qf2 Rd7 30. Be3 Nd3 31. Bxd3 cxd3 32. Rxd3 dxe4 33. Rxd7 Bxd7 34.
f4 exf4 35. Bxf4 Qb5 36. Qd2 Bg4 37. Kg2 Bf3+ 38. Kf2 Qb6+ 39. Be3 Qe6 40. Bf4
Qb6+ 41. Be3 Qe6 42. Bf4 Kh7 43. b4 Qc4 44. Be3 Bg4 45. Bd4 Qb5 46. Bc5 Qc4 47.
Ke3 Bf3 48. Bd6 g5 49. hxg5 hxg5 50. Kf2 Kg6 51. Be7 Qe6 52. Bd6 Bg4 53. Ke3
Qc4 54. Qc2 Bf3 55. Qd2 Qb5 56. Kf2 Bg4 57. Ke3 Qc4 58. Qc2 Bf3 59. Qd2 Kf7 60.
Bc5 Kg6 61. Kf2 Bg4 62. Bd4 Qd5 63. Ke3 f5 64. Kf2 Bf3 65. Be3 Qxd2+ 66. Bxd2
Kf6 67. b5 g4 68. Bf4 e3+ 69. Kxe3 Ke6 70. c4 Bd1 71. Kd4 Be2 72. Kc5 Bd3 73.
Kb4 Be4 74. c5 Kd5 75. c6 Kd4 76. Ka5 Kc5 77. Ka6 1-0

[Event "3rd Washington Int 2014"]
[Site "Rockville USA"]
[Date "2014.08.10"]
[Round "4"]
[White "Li, Ruifeng"]
[Black "Kekelidze, M."]
[Result "1/2-1/2"]
[WhiteElo "2284"]
[BlackElo "2451"]
[PlyCount "76"]
[EventDate "2014.08.09"]
[EventType "swiss"]
[EventRounds "9"]
[EventCountry "USA"]
[Source "Mark Crowther"]
[SourceDate "2014.08.18"]

1. e4 c5 2. Nf3 e6 3. d4 cxd4 4. Nxd4 a6 5. Bd3 Qb6 6. Nb3 Qc7 7. O-O Nf6 8.
Be3 d6 9. N1d2 Nbd7 10. f4 b6 11. Qf3 Bb7 12. Qh3 g6 13. Rae1 Bg7 14. c3 h5 15.
f5 gxf5 16. exf5 e5 17. Bg5 O-O-O 18. c4 Rdg8 19. Ne4 Nxe4 20. Bxe4 Bf6 21.
Bxb7+ Qxb7 22. Bxf6 Nxf6 23. Rd1 Kc7 24. Rf2 Rg4 25. Qd3 Qc6 26. c5 dxc5 27.
Qxa6 c4 28. Qa7+ Qb7 29. Qa3 Ne4 30. Qe7+ Kc8 31. Qxe5 Rhg8 32. Rc2 Nc5 33. Rd5
cxb3 34. Rcxc5+ bxc5 35. Rxc5+ Kd7 36. Rd5+ Kc8 37. Rc5+ Kd7 38. Rd5+ Kc8
1/2-1/2

[Event "3rd Washington Int 2014"]
[Site "Rockville USA"]
[Date "2014.08.11"]
[Round "5.1"]
[White "Sevian, Samuel"]
[Black "Zherebukh, Y."]
[Result "1-0"]
[WhiteElo "2454"]
[BlackElo "2625"]
[PlyCount "80"]
[EventDate "2014.08.09"]
[EventType "swiss"]
[EventRounds "9"]
[EventCountry "USA"]
[Source "Mark Crowther"]
[SourceDate "2014.08.18"]

1. e4 e5 2. Nf3 Nc6 3. Bb5 a6 4. Ba4 Nge7 5. O-O g6 6. c3 Bg7 7. d4 exd4 8.
cxd4 b5 9. Bc2 O-O 10. d5 Na5 11. Bd2 c5 12. Bc3 Bxc3 13. Nxc3 d6 14. b3 Bg4
15. h3 Bxf3 16. Qxf3 Nc8 17. Rad1 Nb6 18. a3 Rc8 19. Ne2 Nd7 20. Ng3 Nb7 21.
Qe3 Qf6 22. f4 Qb2 23. Rf2 Qxa3 24. e5 c4 25. f5 cxb3 26. Bb1 dxe5 27. Qh6 Qe7
28. Nh5 gxh5 29. f6 Nxf6 30. d6 Nxd6 31. Rxf6 e4 32. Rfxd6 b2 33. R6d5 Kh8 34.
Qf4 Rc4 35. Re5 Qa7+ 36. Kh2 f5 37. Rxf5 Rxf5 38. Qxf5 Qc7+ 39. Kh1 Qe7 40. Rd7
Rc1+ 1-0

[Event "3rd Washington Int 2014"]
[Site "Rockville USA"]
[Date "2014.08.11"]
[Round "5.2"]
[White "Smith, Bry"]
[Black "Nyzhnyk, I."]
[Result "1/2-1/2"]
[WhiteElo "2478"]
[BlackElo "2639"]
[PlyCount "102"]
[EventDate "2014.08.09"]
[EventType "swiss"]
[EventRounds "9"]
[EventCountry "USA"]
[Source "Mark Crowther"]
[SourceDate "2014.08.18"]

1. e4 c5 2. Nf3 Nc6 3. Bb5 e6 4. O-O Nge7 5. Re1 a6 6. Bf1 d5 7. d3 g6 8. Nbd2
Bg7 9. Nb3 b6 10. a4 a5 11. c3 Qc7 12. exd5 Nxd5 13. d4 cxd4 14. Nbxd4 Nxd4 15.
Nxd4 O-O 16. Nb5 Qc6 17. Be3 e5 18. Qf3 Bb7 19. Rad1 Rad8 20. Qe4 Nxe3 21. Qxc6
Bxc6 22. fxe3 Bd5 23. c4 Be4 24. Nc3 Bc2 25. Rd5 e4 26. Rc1 Rxd5 27. Nxd5 Bxa4
28. Nxb6 Bb3 29. c5 a4 30. Bc4 Bxb2 31. Rb1 Bxc4 32. Nxc4 Bc3 33. Rc1 Bb4 34.
c6 a3 35. Kf2 a2 36. Nb6 Ba5 37. Nd5 Rb8 38. Ra1 Rb2+ 39. Kg3 Kg7 40. c7 Rc2
41. Kf4 f5 42. g4 fxg4 43. Kxg4 Bxc7 44. Nxc7 Rxc7 45. Rxa2 Rf7 46. Ra4 h5+ 47.
Kh4 Rf3 48. Rxe4 Kf6 49. Rf4+ Rxf4+ 50. exf4 Kf5 51. h3 Kxf4 1/2-1/2

[Event "3rd Washington Int 2014"]
[Site "Rockville USA"]
[Date "2014.08.11"]
[Round "5.3"]
[White "Azarov, S."]
[Black "Xiong, Jeffery"]
[Result "1-0"]
[WhiteElo "2635"]
[BlackElo "2442"]
[PlyCount "50"]
[EventDate "2014.08.09"]
[EventType "swiss"]
[EventRounds "9"]
[EventCountry "USA"]
[Source "Mark Crowther"]
[SourceDate "2014.08.18"]

1. e4 c5 2. Nf3 d6 3. d4 cxd4 4. Nxd4 Nf6 5. Nc3 a6 6. Bg5 Nbd7 7. Bc4 Qb6 8.
O-O Qc5 9. Bd5 e6 10. Re1 Be7 11. Be3 Qa5 12. Bxe6 fxe6 13. Nxe6 Kf7 14. Ng5+
Ke8 15. Nd5 Nxd5 16. exd5 Nf6 17. Bd4 Kf8 18. Bxf6 Bxf6 19. Qh5 g6 20. Qh6+ Bg7
21. Re8+ Kxe8 22. Qxg7 Rf8 23. c3 Rf5 24. Re1+ Re5 25. Rxe5+ dxe5 1-0

[Event "3rd Washington Int 2014"]
[Site "Rockville USA"]
[Date "2014.08.11"]
[Round "5.4"]
[White "Paragua, M."]
[Black "Chandra, Akshat"]
[Result "1/2-1/2"]
[WhiteElo "2487"]
[BlackElo "2472"]
[PlyCount "85"]
[EventDate "2014.08.09"]
[EventType "swiss"]
[EventRounds "9"]
[EventCountry "USA"]
[Source "Mark Crowther"]
[SourceDate "2014.08.18"]

1. d4 d5 2. Bg5 f6 3. Bh4 Nh6 4. f3 Nc6 5. e3 e5 6. Bb5 Nf5 7. Bf2 exd4 8. exd4
g6 9. Ne2 Bh6 10. c4 Kf8 11. cxd5 Nce7 12. Nbc3 Nxd5 13. Nxd5 Qxd5 14. Nc3 Qd6
15. Qe2 Kg7 16. d5 Bd7 17. Bxd7 Qxd7 18. O-O Rhe8 19. Qb5 Qxb5 20. Nxb5 Re7 21.
Rfe1 Rd7 22. g4 a6 23. Nxc7 Rxc7 24. gxf5 gxf5 25. Rad1 Rd7 26. d6 Kf7 27. Rd4
Re8 28. Red1 Bf8 29. Bg3 Red8 30. Kf2 Ke6 31. Rb4 b5 32. a4 Bxd6 33. Rxd6+ Rxd6
34. Bxd6 Rxd6 35. axb5 Rb6 36. Ke3 axb5 37. Kf4 Rc6 38. Rxb5 Rc4+ 39. Ke3 Rh4
40. Rb6+ Ke5 41. Rb5+ Ke6 42. Rb6+ Ke5 43. Rb5+ 1/2-1/2

[Event "3rd Washington Int 2014"]
[Site "Rockville USA"]
[Date "2014.08.11"]
[Round "5.5"]
[White "Holt, C."]
[Black "Mulyar, M."]
[Result "0-1"]
[WhiteElo "2574"]
[BlackElo "2411"]
[PlyCount "100"]
[EventDate "2014.08.09"]
[EventType "swiss"]
[EventRounds "9"]
[EventCountry "USA"]
[Source "Mark Crowther"]
[SourceDate "2014.08.18"]

1. d4 d5 2. c4 c6 3. Nf3 Nf6 4. Nc3 e6 5. Bg5 dxc4 6. e4 b5 7. e5 h6 8. Bh4 g5
9. Nxg5 hxg5 10. Bxg5 Nbd7 11. exf6 Bb7 12. g3 c5 13. d5 Qb6 14. Bg2 O-O-O 15.
O-O b4 16. Rb1 Qa6 17. dxe6 Bxg2 18. e7 Bxf1 19. Kxf1 Qe6 20. Qf3 Qh3+ 21. Ke1
Qe6+ 22. Kf1 Qh3+ 23. Ke1 Qe6+ 24. Ne2 Bxe7 25. fxe7 Rde8 26. Rd1 Nb6 27. h4
Rhg8 28. Bf6 Kc7 29. h5 Nd7 30. Qf4+ Kc6 31. Qf3+ Kc7 32. Rxd7+ Qxd7 33. Qe3
Qf5 34. Nf4 Kd7 35. Bh4 f6 36. Kf1 Rxe7 37. Qf3 Qe4 38. Qd1+ Kc6 39. f3 Qd4 40.
Qa4+ Kb6 41. Bxf6 Qd7 42. Qc2 Rxg3 43. Kf2 Rg8 44. a4 Qd6 45. Qc1 Rd7 46. Qxc4
Qxf6 47. a5+ Kb7 48. Qb5+ Kc8 49. Qxc5+ Kd8 50. Qxb4 Qh4+ 0-1

[Event "3rd Washington Int 2014"]
[Site "Rockville USA"]
[Date "2014.08.11"]
[Round "5.6"]
[White "Margvelashvili, G."]
[Black "Harmon, L."]
[Result "1-0"]
[WhiteElo "2556"]
[BlackElo "2407"]
[PlyCount "71"]
[EventDate "2014.08.09"]
[EventType "swiss"]
[EventRounds "9"]
[EventCountry "USA"]
[Source "Mark Crowther"]
[SourceDate "2014.08.18"]

1. d4 Nf6 2. c4 e6 3. Nf3 b6 4. e3 Bb7 5. Bd3 Be7 6. O-O O-O 7. Nc3 d5 8. cxd5
exd5 9. b3 Nbd7 10. Bb2 a6 11. Rc1 Bd6 12. Ne2 Re8 13. Qc2 Rc8 14. Ng3 Ne4 15.
Qe2 Ra8 16. Rc2 Qf6 17. Rfc1 Re7 18. Nd2 Nxg3 19. hxg3 Qh6 20. Nf3 Nf6 21. Ne5
Bc8 22. Qf3 Be6 23. Qf4 g5 24. Qf3 Bxe5 25. dxe5 Ng4 26. Rc6 Qh2+ 27. Kf1 h5
28. Ke1 Rd8 29. Bd4 a5 30. Kd2 Ra8 31. Rf1 a4 32. b4 a3 33. Rcc1 c5 34. Rh1
Qxh1 35. Rxh1 cxd4 36. exd4 1-0

[Event "3rd Washington Int 2014"]
[Site "Rockville USA"]
[Date "2014.08.11"]
[Round "5.7"]
[White "Chirila, I."]
[Black "Ippolito, D."]
[Result "1-0"]
[WhiteElo "2515"]
[BlackElo "2409"]
[PlyCount "49"]
[EventDate "2014.08.09"]
[EventType "swiss"]
[EventRounds "9"]
[EventCountry "USA"]
[Source "Mark Crowther"]
[SourceDate "2014.08.18"]

1. d4 d5 2. c4 e6 3. Nc3 Be7 4. Nf3 Nf6 5. Bf4 O-O 6. e3 c5 7. dxc5 Bxc5 8. Qc2
Nc6 9. a3 Be7 10. Rd1 Qa5 11. Be2 dxc4 12. Bxc4 Nh5 13. O-O Nxf4 14. exf4 Qc7
15. f5 Qf4 16. Bd3 exf5 17. Nd5 Qh6 18. Rfe1 Bd6 19. h3 Rd8 20. Ne3 Ne5 21.
Nxe5 Bxe5 22. Ng4 Qf4 23. Nxe5 Be6 24. Bf1 Bd5 25. Qc5 1-0

[Event "3rd Washington Int 2014"]
[Site "Rockville USA"]
[Date "2014.08.11"]
[Round "5"]
[White "Sarkar, J."]
[Black "Troff, Kayden W"]
[Result "1/2-1/2"]
[WhiteElo "2399"]
[BlackElo "2514"]
[PlyCount "136"]
[EventDate "2014.08.09"]
[EventType "swiss"]
[EventRounds "9"]
[EventCountry "USA"]
[Source "Mark Crowther"]
[SourceDate "2014.08.18"]

1. d4 Nf6 2. c4 g6 3. Nc3 d5 4. cxd5 Nxd5 5. e4 Nxc3 6. bxc3 Bg7 7. Qa4+ Bd7 8.
Qa3 O-O 9. Bg5 Re8 10. Nf3 Bc6 11. d5 Bd7 12. Rc1 h6 13. Be3 e6 14. Be2 exd5
15. exd5 c6 16. c4 Bf8 17. Qc3 Na6 18. O-O cxd5 19. cxd5 Nb4 20. Qd2 Ba4 21.
Bc5 Nxd5 22. Bxf8 Rxf8 23. Bc4 Nb6 24. Qxh6 Qf6 25. Ng5 Qg7 26. Qxg7+ Kxg7 27.
Bxf7 Rxf7 28. Nxf7 Kxf7 29. Rc7+ Kf6 30. Rxb7 Bc6 31. Rc7 Bd5 32. f3 a5 33. Rb1
Ra6 34. Rc5 Ke6 35. Rcb5 Nd7 36. Re1+ Kd6 37. Rb2 a4 38. Rd2 Rc6 39. Re4 Nb6
40. h4 Rc1+ 41. Kf2 Nc4 42. Rd3 Kc5 43. Re2 Rh1 44. Kg3 Rb1 45. Kf4 a3 46. Kg5
Rb2 47. Rxb2 axb2 48. Rb3 Bc6 49. Kxg6 Ba4 50. Rxb2 Nxb2 51. h5 Bc2+ 52. Kg7
Nd3 53. g3 Kd5 54. h6 Nc5 55. f4 Ne6+ 56. Kg8 Nd4 57. g4 Ne6 58. f5 Ng5 59. h7
Nxh7 60. Kxh7 Ke5 61. Kg6 Kf4 62. Kf7 Bxf5 63. gxf5 Kxf5 64. a4 Ke5 65. a5 Kd6
66. a6 Kc7 67. a7 Kb7 68. a8=Q+ Kxa8 1/2-1/2

[Event "3rd Washington Int 2014"]
[Site "Rockville USA"]
[Date "2014.08.11"]
[Round "5"]
[White "Karma, P."]
[Black "Yang, Dar"]
[Result "1/2-1/2"]
[WhiteElo "2156"]
[BlackElo "2478"]
[PlyCount "54"]
[EventDate "2014.08.09"]
[EventType "swiss"]
[EventRounds "9"]
[EventCountry "USA"]
[Source "Mark Crowther"]
[SourceDate "2014.08.18"]

1. e4 c6 2. Nc3 d5 3. Nf3 Nf6 4. e5 Ne4 5. d4 Nxc3 6. bxc3 Bg4 7. h3 Bxf3 8.
Qxf3 e6 9. Be2 c5 10. O-O c4 11. Qg3 Nc6 12. a4 Qa5 13. Bf4 O-O-O 14. Rfb1 a6
15. Bg5 Rd7 16. h4 h6 17. Bc1 h5 18. Bg5 g6 19. Qe3 Be7 20. f4 Bxg5 21. fxg5
Ne7 22. g3 Nf5 23. Qf3 Rc7 24. Bf1 Rc6 25. Bh3 Rb6 26. Bxf5 gxf5 27. Rc1 Rb2
1/2-1/2

[Event "3rd Washington Int 2014"]
[Site "Rockville USA"]
[Date "2014.08.11"]
[Round "5"]
[White "Homa, S."]
[Black "Barbosa, O PHI."]
[Result "0-1"]
[WhiteElo "2378"]
[BlackElo "2551"]
[PlyCount "80"]
[EventDate "2014.08.09"]
[EventType "swiss"]
[EventRounds "9"]
[EventCountry "USA"]
[Source "Mark Crowther"]
[SourceDate "2014.08.18"]

1. d4 d5 2. Nf3 Nf6 3. c4 c6 4. Qc2 dxc4 5. Qxc4 Bf5 6. g3 e6 7. Bg2 Nbd7 8.
O-O Be7 9. e3 O-O 10. Rd1 e5 11. Nc3 Qc7 12. h3 Rad8 13. Qe2 Bg6 14. e4 Bb4 15.
Nxe5 Nxe5 16. Bf4 Nfd7 17. dxe5 Nxe5 18. Qc2 Qe7 19. Rxd8 Rxd8 20. Rd1 Rxd1+
21. Nxd1 f6 22. Be3 b5 23. Bxa7 Qxa7 24. Qb3+ Nc4 25. Qxb4 Qxa2 26. Kh2 Qb1 27.
Ne3 Qxb2 28. Qe7 Qe5 29. Qd8+ Qe8 30. Qd4 Nxe3 31. Qxe3 Qe7 32. Qb6 Be8 33. h4
h5 34. f4 Kh7 35. Qb8 Bg6 36. e5 fxe5 37. Bxc6 Qc5 38. Qxb5 Qf2+ 39. Kh3 exf4
40. Qg5 fxg3 0-1

[Event "3rd Washington Int 2014"]
[Site "Rockville USA"]
[Date "2014.08.11"]
[Round "5"]
[White "Shetty, A."]
[Black "Enkhbat, T1."]
[Result "0-1"]
[WhiteElo "2346"]
[BlackElo "2399"]
[PlyCount "86"]
[EventDate "2014.08.09"]
[EventType "swiss"]
[EventRounds "9"]
[EventCountry "USA"]
[Source "Mark Crowther"]
[SourceDate "2014.08.18"]

1. c4 c6 2. g3 d5 3. Bg2 Nf6 4. Nf3 e6 5. b3 Be7 6. O-O O-O 7. Bb2 Nbd7 8. e3
b6 9. Qe2 a5 10. Nc3 Nc5 11. Ne5 Bb7 12. Rfd1 a4 13. d4 a3 14. dxc5 axb2 15.
Qxb2 Bxc5 16. cxd5 exd5 17. b4 Bd6 18. Nf3 Qe7 19. a3 g6 20. Rac1 Rfd8 21. Qb3
c5 22. Nb5 Bb8 23. Rc2 Ne4 24. Nc3 Rxa3 25. Qxa3 cxb4 26. Nxd5 Bxd5 27. Qb2 Nc3
28. Rd4 Bd6 29. Rcd2 Bc5 30. R4d3 Rd6 31. Ne1 Bc4 32. Rxd6 Bxd6 33. Nc2 Bc5 34.
Bf3 b5 35. Kg2 Na4 36. Qb1 b3 37. Nd4 b2 38. Qe4 Qxe4 39. Bxe4 Bd5 40. Bxd5
b1=Q 41. Nf3 Nc3 42. Bc6 b4 43. Ng5 h6 0-1

[Event "3rd Washington Int 2014"]
[Site "Rockville USA"]
[Date "2014.08.11"]
[Round "5"]
[White "Almeida Saenz, A."]
[Black "Li, Ruifeng"]
[Result "1-0"]
[WhiteElo "2332"]
[BlackElo "2284"]
[PlyCount "125"]
[EventDate "2014.08.09"]
[EventType "swiss"]
[EventRounds "9"]
[EventCountry "USA"]
[Source "Mark Crowther"]
[SourceDate "2014.08.18"]

1. d4 Nf6 2. Bg5 Ne4 3. Bf4 d5 4. Nd2 Bf5 5. Nxe4 Bxe4 6. e3 e6 7. Nf3 Bd6 8.
Ne5 f6 9. Nd3 O-O 10. f3 Bxd3 11. Qxd3 Bxf4 12. exf4 Qd6 13. g3 c5 14. dxc5
Qxc5 15. Bh3 Re8 16. O-O-O Na6 17. Rhe1 Nc7 18. Re3 a5 19. Qa3 Qc6 20. Rc3 Qd7
21. Qc5 Na6 22. Qxa5 b5 23. Qb6 f5 24. Qc6 Qe7 25. Ra3 Rec8 26. Qb6 Rcb8 27.
Qe3 Qd7 28. Bf1 Nc7 29. Rxa8 Rxa8 30. a3 Qd6 31. Qc3 Qb6 32. Qd4 Qc6 33. Rd3
Qb7 34. Rb3 Rb8 35. Qc5 Na6 36. Qd6 Nc7 37. Rc3 Ne8 38. Qxe6+ Kh8 39. Rb3 Nc7
40. Qxf5 Qb6 41. Kb1 Qg1 42. Qd3 Qxh2 43. Rc3 Ne8 44. Qf5 Nf6 45. Rc8+ Rxc8 46.
Qxc8+ Ng8 47. Qh3 Qg1 48. Ka2 Qc5 49. Bd3 Nf6 50. Qe6 Qc7 51. Kb1 Qb6 52. Qe5
Qb7 53. g4 Qf7 54. Bxb5 Qf8 55. Bd3 Ne8 56. a4 Nd6 57. Qxd5 Qb8 58. a5 Ne8 59.
a6 Nc7 60. Qe4 Qg8 61. a7 Na8 62. Bc4 Qd8 63. Bd5 1-0

[Event "3rd Washington Int 2014"]
[Site "Rockville USA"]
[Date "2014.08.11"]
[Round "6.1"]
[White "Azarov, S."]
[Black "Sevian, Samuel"]
[Result "1-0"]
[WhiteElo "2635"]
[BlackElo "2454"]
[PlyCount "95"]
[EventDate "2014.08.09"]
[EventType "swiss"]
[EventRounds "9"]
[EventCountry "USA"]
[Source "Mark Crowther"]
[SourceDate "2014.08.18"]

1. e4 e5 2. Nf3 Nc6 3. Bb5 a6 4. Ba4 Nf6 5. O-O Be7 6. Re1 b5 7. Bb3 d6 8. c3
O-O 9. h3 Na5 10. Bc2 c5 11. d4 Qc7 12. d5 Nc4 13. a4 Nb6 14. b3 Rb8 15. Qe2 c4
16. a5 Nbd7 17. bxc4 bxc4 18. Nbd2 Nc5 19. Nxc4 Nfd7 20. Ba3 Bb7 21. Rab1 Ba8
22. Bb4 Rfc8 23. Nfd2 h6 24. Rb2 Bg5 25. Ne3 Rd8 26. Ndc4 g6 27. g3 h5 28. h4
Bh6 29. Reb1 Rdc8 30. Qf1 Rb5 31. Qe2 Rbb8 32. Kg2 Bg7 33. Ba3 Rxb2 34. Rxb2
Rb8 35. Rxb8+ Qxb8 36. Qd1 Bh6 37. Qb1 Qc7 38. Bxc5 Bxe3 39. Bxe3 Qxc4 40. Qb4
Qc7 41. Bb6 Qb8 42. Ba4 Nf6 43. Bc6 Qc8 44. Bxa8 Qxa8 45. Qxd6 Nxe4 46. Qxe5
Nd2 47. Bd4 f6 48. Qe6+ 1-0

[Event "3rd Washington Int 2014"]
[Site "Rockville USA"]
[Date "2014.08.11"]
[Round "6.2"]
[White "Nyzhnyk, I."]
[Black "Paragua, M."]
[Result "1-0"]
[WhiteElo "2639"]
[BlackElo "2487"]
[PlyCount "85"]
[EventDate "2014.08.09"]
[EventType "swiss"]
[EventRounds "9"]
[EventCountry "USA"]
[Source "Mark Crowther"]
[SourceDate "2014.08.18"]

1. d4 Nf6 2. c4 g6 3. Nf3 Bg7 4. g3 O-O 5. Bg2 d5 6. cxd5 Nxd5 7. O-O Nb6 8.
Nc3 Nc6 9. e3 Re8 10. Nh4 a5 11. f4 a4 12. Qe2 Be6 13. Rd1 Bc4 14. Qf2 e6 15.
Nf3 Qe7 16. e4 Rad8 17. Be3 Qb4 18. Rac1 Ba6 19. d5 exd5 20. Nxd5 Nxd5 21. exd5
Ne7 22. Ne5 Nf5 23. Bc5 Qb5 24. Ba3 Bxe5 25. fxe5 Rxe5 26. Rxc7 Re2 27. Bf1
Rxf2 28. Bxb5 Ne3 29. Bxa6 Nxd1 30. Bxb7 Re2 31. Be7 Re1+ 32. Kg2 Rxe7 33. Rxe7
Kf8 34. Re4 Rb8 35. Bc6 Rxb2+ 36. Kf1 Rb1 37. Re8+ Kg7 38. d6 Ne3+ 39. Kf2 Ng4+
40. Kf3 f5 41. d7 Rb2 42. Re2 Rb8 43. Bxa4 1-0

[Event "3rd Washington Int 2014"]
[Site "Rockville USA"]
[Date "2014.08.11"]
[Round "6.5"]
[White "Barbosa, O PHI."]
[Black "Chandra, Akshat"]
[Result "1/2-1/2"]
[WhiteElo "2551"]
[BlackElo "2472"]
[PlyCount "82"]
[EventDate "2014.08.09"]
[EventType "swiss"]
[EventRounds "9"]
[EventCountry "USA"]
[Source "Mark Crowther"]
[SourceDate "2014.08.18"]

1. d4 Nf6 2. c4 e6 3. Nf3 d5 4. g3 Bb4+ 5. Bd2 Be7 6. Bg2 O-O 7. O-O c6 8. Qc2
b6 9. Rd1 Nbd7 10. Bf4 Bb7 11. Nc3 dxc4 12. Nd2 Nd5 13. Nxc4 Nxf4 14. gxf4 Qc7
15. e3 Rad8 16. a3 c5 17. d5 exd5 18. Nxd5 Bxd5 19. Rxd5 b5 20. Ne5 Nxe5 21.
Rxe5 a6 22. a4 Bd6 23. Rd5 Qb6 24. axb5 axb5 25. b3 Be7 26. Rad1 Rxd5 27. Rxd5
Rd8 28. Rxd8+ Qxd8 29. Bf1 Qd7 30. Qd3 Qxd3 31. Bxd3 c4 32. bxc4 bxc4 33. Bxc4
h6 34. Kg2 g5 35. Kf3 gxf4 36. Kxf4 Bd6+ 37. Kf5 Bxh2 38. Kf6 Bg1 39. Bxf7+ Kf8
40. Kg6 Bxf2 41. Kxh6 Kxf7 1/2-1/2